The Best Cities in the World - 2022 - Statistics

General Stats
  • This quiz has been taken 208 times
  • The average score is 46 of 53
Answer Stats
Position Country Answer % Correct
17. United Kingdom London
99%
20. United States New York City
97%
12. Spain Madrid
96%
5. Netherlands Amsterdam
95%
32. France Paris
95%
8. Germany Berlin
94%
28. Portugal Lisbon
94%
6. Czech Republic Prague
93%
36. Ireland Dublin
92%
46. Australia Sydney
92%
35. Greece Athens
91%
42. United States Los Angeles
91%
13. United Kingdom Manchester
91%
48. Brazil Rio de Janeiro
91%
24. Japan Tokyo
91%
27. Canada Toronto
91%
39. Spain Barcelona
90%
21. Argentina Buenos Aires
90%
10. Denmark Copenhagen
90%
26. India New Delhi
90%
23. Sweden Stockholm
90%
11. South Africa Cape Town
89%
15. Australia Melbourne
89%
30. Mexico Mexico City
89%
40. United Arab Emirates Dubai
88%
34. Philippines Manila
88%
41. Italy Rome
88%
1. United Kingdom Edinburgh
86%
50. Turkey Istanbul
86%
14. India Mumbai
86%
44. Singapore Singapore
86%
31. Israel Tel Aviv
86%
37. Brazil São Paulo
85%
16. Taiwan Taipei
85%
51. Thailand Bangkok
84%
18. Portugal Porto
84%
2. United States Chicago
83%
4. United Kingdom Glasgow
83%
49. South Africa Johannesburg
83%
38. United States Miami
83%
9. Canada Montreal
83%
33. Malaysia Kuala Lumpur
82%
19. France Lyon
82%
53. Qatar Doha
80%
47. New Zealand Auckland
79%
45. United Arab Emirates Abu Dhabi
78%
25. United States San Francisco
77%
29. United States Boston
73%
22. United Kingdom Birmingham
72%
3. Colombia Medellín
72%
43. Ghana Accra
68%
7. Morocco Marrakech
67%
52. China Hong Kong
65%
No matching quizzes found
Score Distribution
Percent of People with Each Score
Percentile by Number Answered
Your Score History
You have not taken this quiz